Estatísticas para U.S. States by Value of Their Mineral Production

Clique aqui para jogar o quiz

Estatísticas Gerais

  • Esse quiz foi jogado 4 vezes
  • A pontuação média é 8 de 15

Estatísticas das Respostas

Classification by valueResposta% Correto
6Alaska
75%
1Arizona
75%
4California
75%
7Florida
75%
15New York
75%
3Texas
75%
12Georgia
50%
9Michigan
50%
2Nevada
50%
14Ohio
50%
11Wyoming
50%
5Minnesota
25%
8Utah
25%
10Missouri
0%
13Pennsylvania
0%

Distribuição das Pontuações

Percentil de Números Respondidos

Porcentagem de Pessoas com Cada Pontuação

Sua Pontuação Histórica

Você não jogou esse quiz